| Tag |
First Indicator |
Second Indicator |
Subfields |
| LEADER |
00000cam a2200000Ia 4500 |
| 001 |
in00002565645 |
| 005 |
20151201154035.0 |
| 007 |
he amv---bacp |
| 007 |
hd bfv---baap |
| 008 |
960619s1894 enka jbb 000 0 eng d |
| 035 |
|
|
|a (OCoLC)ocm34954330
|
| 037 |
|
|
|a CL0021000015
|b ProQuest Information and Learning 300 N. Zeeb Rd., Ann Arbor, MI 48106
|
| 040 |
|
|
|a OPP
|c OPP
|d UtOrBLW
|
| 043 |
|
|
|a a-ii---
|
| 049 |
|
|
|a OPPA
|
| 090 |
|
|
|a PZ5
|b .O67 1990 no.015:030.
|
| 100 |
1 |
|
|a Steel, Flora Annie Webster,
|d 1847-1929.
|
| 245 |
1 |
0 |
|a Tales of the Punjab told by the people /
|c by Flora Annie Steel ; with illustrations by J. Lockwood Kipling ; and notes by R.C. Temple.
|
| 264 |
|
1 |
|a London ;
|a New York :
|b Macmillan and Co.,
|c 1894
|
| 264 |
|
3 |
|a Edinburgh :
|b Printed by R. & R. Clark
|
| 300 |
|
|
|a xvi, 395 pages :
|b illustrations
|
| 336 |
|
|
|a text
|b txt
|2 rdacontent
|
| 337 |
|
|
|a microform
|b h
|2 rdamedia
|
| 338 |
|
|
|a microfiche
|b he
|2 rdacarrier
|
| 500 |
|
|
|a 015:031 has "First edition November 1894. Reprinted December 1894" on title page verso.
|
| 500 |
|
|
|a "Many of the tales in this collection appeared either in the Indian antiquary, the Calcutta review, or the Legends of the Punjab"--Pref.
|
| 500 |
|
|
|a Reproduction of original in the Bodleian Library.
|
| 510 |
4 |
|
|a Opie
|c C 1145
|
| 510 |
4 |
|
|a Opie
|c C 1146
|
| 533 |
|
|
|a Microfiche.
|b Ann Arbor, Mich.
|c UMI,
|d 1995.
|e 5 microfiche.
|f (Opie collection of children's literature ; 015:030 and 015:031).
|7 s1995 miun b
|
| 500 |
|
|
|a Microform.
|
| 650 |
|
0 |
|a Fairy tales
|z India.
|
| 700 |
1 |
|
|a Kipling, John Lockwood,
|d 1837-1911.
|
| 700 |
1 |
|
|a Temple, Richard Carnac,
|c Sir,
|d 1850-1931.
|
| 776 |
|
|
|w 01-9724
|
| 830 |
|
0 |
|a Opie collection of children's literature ;
|v 015:030.
|
| 830 |
|
0 |
|a Opie collection of children's literature ;
|v 015:031.
|
| 999 |
|
|
|a MARS
|
| 999 |
f |
f |
|s 7cde681e-44c4-3c0f-8fa7-adb1168d4d17
|i c486fc69-1d0d-3915-b39d-12c7992ab98a
|t 0
|
| 952 |
f |
f |
|a Texas A&M University
|b College Station
|c Sterling C. Evans Library
|d Evans: Microforms Fiche (3rd floor)
|t 0
|e PZ5 .O67 1990 no.015:030.
|h Library of Congress classification
|
| 998 |
f |
f |
|a PZ5 .O67 1990 no.015:030.
|t 0
|l Evans: Microforms Fiche (3rd floor)
|